Primeros Auxilios 101. Cómo dar Primeros Auxilios Paso a Paso.
Saved in:
| Institution som forfatter: | |
|---|---|
| Andre forfattere: | |
| Format: | Ukendt |
| Udgivet: |
USA:
Howexpert,
2019.
|
| Fag: | |
| Tags: |
Tilføj Tag
Ingen Tags, Vær først til at tagge denne postø!
|
MARC
| LEADER | 00000 a2200000 4500 | ||
|---|---|---|---|
| 003 | CL-VaPUC | ||
| 005 | 20230111171340.0 | ||
| 008 | 221219t2019 ||||| |||| 00| 0 eng d | ||
| 999 | |c 439301 |d 439299 | ||
| 020 | |a 9781950864355 | ||
| 040 | |c Pontificia Universidad Católica de Valparaíso | ||
| 082 | |2 22 |a 616.0252 HOW 2019 | ||
| 110 | 1 | |a HowExpert |e autor |9 879373 | |
| 245 | |a Primeros Auxilios 101. |b Cómo dar Primeros Auxilios Paso a Paso. | ||
| 260 | |a USA: |b Howexpert, |c 2019. | ||
| 300 | |a 73 páginas. | ||
| 583 | |k GC |c 20221219 | ||
| 650 | 0 | |9 879544 |a Primeros auxilios |v Manual | |
| 650 | 0 | |a Emergencias médicas |v Manual |x Primeros auxilios |9 879723 | |
| 650 | 0 | |9 567579 |a Urgencias médicas |v Manual |x Atención primaria | |
| 700 | |a Luna, Paolo José de |e autor |9 879374 | ||
| 942 | |2 ddc |c BK | ||
| 952 | |0 0 |1 0 |2 ddc |4 0 |6 616_025200000000000_HOW_2019 |7 0 |8 A |9 588251 |a BIBEDU |b BIBEDU |c GEN |d 2022-12-15 |e 74 |g 23977.00 |i 5656051 |o 616.0252 HOW 2019 |p 5656051 |r 2022-12-15 |t 2 |v 23977.00 |w 2022-12-15 |y BK |k EFI | ||
| 952 | |0 0 |1 0 |2 ddc |4 0 |6 616_025200000000000_HOW_2019 |7 0 |8 A |9 588252 |a BIBEDU |b BIBEDU |c GEN |d 2022-12-15 |e 74 |g 23977.00 |i 5656050 |o 616.0252 HOW 2019 |p 5656050 |r 2022-12-15 |t 1 |v 23977.00 |w 2022-12-15 |y BK |k EFI | ||
| 952 | |0 0 |1 0 |2 ddc |4 0 |6 616_025200000000000_HOW_2019 |7 0 |8 A |9 588253 |a BIBEDU |b BIBEDU |c GEN |d 2022-12-15 |e 74 |g 23977.00 |i 5656052 |o 616.0252 HOW 2019 |p 5656052 |r 2022-12-15 |t 3 |v 23977.00 |w 2022-12-15 |y BK |k EFI | ||
| 952 | |0 0 |1 0 |2 ddc |4 0 |6 616_025200000000000_HOW_2019 |7 0 |8 A |9 588254 |a BIBEDU |b BIBEDU |c GEN |d 2022-12-15 |e 74 |g 23977.00 |i 5656054 |o 616.0252 HOW 2019 |p 5656054 |r 2022-12-15 |t 5 |v 23977.00 |w 2022-12-15 |y BK |k EFI | ||
| 952 | |0 0 |1 0 |2 ddc |4 0 |6 616_025200000000000_HOW_2019 |7 0 |8 A |9 588255 |a BIBEDU |b BIBEDU |c GEN |d 2022-12-15 |e 74 |g 23977.00 |i 5656053 |o 616.0252 HOW 2019 |p 5656053 |r 2022-12-15 |t 4 |v 23977.00 |w 2022-12-15 |y BK |k EFI | ||